| 000 | 00384nam a2200145 a 4500 | ||
|---|---|---|---|
| 005 | 20140513081051.0 | ||
| 008 | 030130s19uu xx 00 eng d | ||
| 020 | _a981-209-322-2 | ||
| 050 |
_aP 372.5 _bDIN 1994 |
||
| 245 |
_aDinosaurs / _cillustrated by Roger Payne. |
||
| 260 | _bEarly Childhood Publications. | ||
| 300 | _aPoster | ||
| 650 | _aDinosaurs--Poster | ||
| 999 |
_c116351 _d116351 |
||